[Event "Gatineau op"]
[Site "Gatineau"]
[Date "2016.03.05"]
[Round "3"]
[White "Forouzandeh, Ehsan"]
[Black "Miller, Rachel"]
[Result "0-1"]
[WhiteElo "1625"]
[BlackElo "2018"]
[PlyCount "63"]
[EventDate "2016.03.04"]
[EventType "swiss"]
[EventRounds "5"]
[EventCountry "CAN"]
[SourceTitle "EXT 2022"]
[Source "ChessBase"]
[SourceDate "2021.10.06"]
[SourceVersion "1"]
[SourceVersionDate "2021.10.06"]
[SourceQuality "1"]

1. e4 e5 2. Nf3 Nc6 3. d4 exd4 4. Bc4 Nf6 5. e5 d5 6. Bb5 Ne4 7. Nxd4 Bd7 8. Bxc6 bxc6 9. 0-0 Be7 10. Nd2 Nxd2 11. Bxd2 c5 12. Ne2 0-0 13. Ng3 f6 14. exf6 Bxf6 15. c3 Rb8 16. Be3 Bb5 17. Bxc5 Bxf1 18. Bxf8 Kxf8 19. Qxf1 Rxb2 20. Qd3 Kg8 21. Nh5 Be7 22. Qd4 Bf8 23. c4 Rc2 24. cxd5 Qg5 25. Nf4 Bd6 26. Qe4 Qxf4 27. Qe6+ Qf7 28. Qe3 Bc5 29. Qe6 Qxe6 30. dxe6 Rxf2 31. Kh1 Re2 32. Rd1 0-1